000
00286nam a2200121Ia 4500
008
220216s9999 xx 000 0 und d
100
_a
Watson W F
245
0
_a
Cold mastication of rubber
260
_b
IRI Transactions
_c
1953
300
_a
32-41
650
_a
Mastication
942
_c
JS
999
_c
55832
_d
55832